General Knowledge #9 - Statistics

General Stats
  • This quiz has been taken 78 times
  • The average score is 12 of 20
Answer Stats
Question Answer % Correct
List three dead languages. Latin
89%
Turkey is primarily eaten on which two major holidays? Thanksgiving
89%
Christmas
86%
Jealousy and Envy are said to be what colour? Green
86%
Portugal has a single land border with which country? Spain
84%
What is the capital of Poland? Warsaw
81%
What is the national sport of Japan? Sumo wrestling
80%
Which German city is known for its Oktoberfest? Munich
76%
What is the largest country in Africa by land size? Algeria
73%
A black box is what colour? Orange
73%
The headquarters of the United Nations is located in which city? New York City
70%
He wrote fables. Aesop
67%
In chess, a bishop can only move what way? Diagonally
54%
Which bird has the longest wingspan? Albatross
47%
Who was the first wife of Henry VIII? Katherine of Aragon
46%
Which breed of dog is the largest? Great Dane
43%
Sanskrit
40%
What is the brightest star in the night sky? Sirius
20%
How many countries are members of the European Union? Twenty seven
16%
Ancient Greek
9%
No matching quizzes found
Score Distribution
Percent of People with Each Score
Percentile by Number Answered
Your Score History
You have not taken this quiz